Οργανωτική θεωρία : εξέλιξη και νεότερες διαπιστώσεις ως προς τη δομή των οικονομικών μονάδων και τη διαμόρφωση της συμπεριφοράς σ' αυτές

Αποθηκεύτηκε σε:
Λεπτομέρειες βιβλιογραφικής εγγραφής
Κύριος συγγραφέας: Κανελλόπουλος, Χαράλαμπος Κ.
Μορφή: Βιβλίο
Γλώσσα:Greek
Δημοσίευση: Αθήνα : International Publishing Co., 1991.
Έκδοση:2η έκδ.
Θέματα:
Ετικέτες: Προσθήκη ετικέτας
Δεν υπάρχουν, Καταχωρήστε ετικέτα πρώτοι!

MARC

LEADER 00000cam a2200000 i 4500
001 1/32390
008 941103s1991 gr | ||| |||| ||gre||
020 |a 9608404053 
035 |a 1992  |c ΔΩΡΕΑ  |l 10039085 
040 |a GR-MyUA  |b gre  |e AACR2 
041 0 |a gre 
082 0 |a 658.001 
100 1 |a Κανελλόπουλος, Χαράλαμπος Κ. 
245 1 0 |a Οργανωτική θεωρία :   |b εξέλιξη και νεότερες διαπιστώσεις ως προς τη δομή των οικονομικών μονάδων και τη διαμόρφωση της συμπεριφοράς σ' αυτές /   |c Χαράλαμπος Κ. Κανελλόπουλος.  
250 |a 2η έκδ.  
260 |a Αθήνα :   |b International Publishing Co.,   |c 1991.  
300 |a 334 σ. ;   |c 24 εκ.  
504 |a Περιλαμβάνει βιβλιογραφικές αναφορές.  
650 0 0 |a Management science. 
650 0 0 |a Organizational behavior. 
852 |a INST  |b CHIOS  |e 20010125  |h 658.001 ΚΑΝ  |p 005200021515  |q 005200021515  |t BK  |y 0 
852 |a INST  |b SAMOS  |e 19941103  |h 658.001 ΚΑΝ  |p 005300010273  |q 005300010273  |t BK  |y 0 
901 |a BIBL2-2001-1 
909 |a Σ  |b 023692 
909 |a Χ  |b 083095